| 000 -LEADER |
| fixed length control field |
00657cam a2200181Ia 4500 |
| 020 ## - INTERNATIONAL STANDARD BOOK NUMBER |
| ISBN |
9780415665568 |
| 020 ## - INTERNATIONAL STANDARD BOOK NUMBER |
| ISBN |
9789388305822 |
| 040 ## - CATALOGING SOURCE |
| Transcribing agency |
BTCTA |
| 082 ## - DEWEY DECIMAL CLASSIFICATION NUMBER |
| Classification number |
AYV EAM 2022 A035 Or. |
| 100 1# - MAIN ENTRY--AUTHOR NAME |
| Personal name |
Anjaneyulu, Y. |
| 245 00 - TITLE STATEMENT |
| Title |
Environmental impact assessment methodologies / |
| 250 ## - EDITION STATEMENT |
| Edition statement |
2nd ed. |
| 260 ## - PUBLICATION, DISTRIBUTION, ETC. (IMPRINT) |
| Place of publication |
Hyderabad, India : |
| Name of publisher |
BS Publications ; |
| Place of publication |
Leiden, Netherlands : |
| Name of publisher |
Distributed outside India, Pakistan, Nepal, Myanmar, Bhutan, Bangladesh and Sri Lanka by CRC Press/Balkema, Taylor & Francis Group, |
| Year of publication |
2011. |
| 300 ## - PHYSICAL DESCRIPTION |
| Number of Pages |
xiv, 428 p. : |
| Other physical details |
ill. ; |
| Dimensions |
25 cm. |
| 650 #0 - SUBJECT ADDED ENTRY--TOPICAL TERM |
| Topical Term |
Environmental impact analysis |
| 700 1# - ADDED ENTRY--PERSONAL NAME |
| Personal name |
Manickam, Valli |
| 942 ## - ADDED ENTRY ELEMENTS (KOHA) |
| Koha item type |
ADB |
| 952 ## - LOCATION AND ITEM INFORMATION (KOHA) |
| Withdrawn status [LOCAL, KOHA] |
0 |